| 000 | 00765nam a2200229Ia 4500 | ||
|---|---|---|---|
| 001 | 16023 | ||
| 003 | GE_BSU | ||
| 008 | 181216s||||||||xx |||||||||||||| ||und|| | ||
| 040 | _cGE_BSU | ||
| 080 | _a821.353.1-31 | ||
| 100 | _aჯიქია, ალექსანდრე | ||
| 245 | _aანთებული მწვერვალები | ||
| 245 | _bრომანი | ||
| 245 | _cრედ. ლეილა დაიანი. მხ. ჭ.კუკულაძე | ||
| 260 | _aსოხუმი | ||
| 260 | _bაფხაზეთის სახელგამი | ||
| 260 | _c195 | ||
| 300 | _a286გვ. ; 20სმ | ||
| 653 | _aანთებული მწვერვალები | ||
| 653 | _aრომანი | ||
| 942 | _cBK | ||
| 999 |
_c49114 _d49114 |
||